000
00326nam a2200157Ia 4500
003
OSt
005
20240120121330.0
008
170524s9999 xx 000 0 und d
020
_a
1292093093
040
_c
iimtu
100
_a
Cohen
245
0
_a
Gas Turbine Theory
260
_b
Pearson
260
_c
2008
942
_2
ddc
_c
02
999
_c
5551
_d
5551